Geographia Secundaria: organisada segundo o programma dos Gymnasios, dos Lyceus, e das Escolas normaes do Brazil

Gespeichert in:
Bibliographische Detailangaben
1. Verfasser: Novaes, Carlos de Dr.
Format: Buch
Sprache:Portugiesisch
Erschienen: Rio de Janeiro Livraria Francisco Alves 1923
Ausgabe:4ª ed.
Katalog:MANES:  Suchergebnis im Bibliothekskatalog
Schulbuchspezifische Eigenschaften:
Tags: Tag hinzufügen
Keine Tags, Fügen Sie den ersten Tag hinzu!
Hinzugefügt zu:15.05.2025
Geändert in:15.08.2025

MARC

LEADER 00000nam a22000007a 4500
005 20250815151204.0
008 250516b |||||||| |||| 00| 0 por d
040 |a centro_manes  |c CMU 
100 |a Novaes, Carlos de  |c Dr.  |9 46054 
245 |a Geographia Secundaria: organisada segundo o programma dos Gymnasios, dos Lyceus, e das Escolas normaes do Brazil 
250 |a 4ª ed.  |b revista e actualisada 
260 |a Rio de Janeiro  |b Livraria Francisco Alves  |c 1923 
300 |a 547 p.  |b 22 x 14 cm 
546 |a Brasil 
690 0 |a GEO 
691 0 |a SE 
942 |2 ddc  |c BK 
999 |c 104751  |d 104751 
999 |c manes:104751  |d 104751